Statues Picture Quiz - Statistics

General Stats
  • This quiz has been taken 19 times
  • The average score is 8 of 16
Answer Stats
Picture Answer % Correct
Christ the Redeemer
93%
David
93%
Statue of Liberty
93%
Great Sphinx of Giza
87%
The Thinker
87%
Venus de Milo
87%
Statue of Nelson Mandela
60%
Leshan Giant Buddha
53%
Angel of the North
47%
Confucius of Mount Ni
47%
Genghis Khan Equestrian Statue
40%
Venus of Willendorf
20%
The Motherland Calls
13%
Statue of Amir Timur
7%
Statue of Shaka Zulu
7%
Pachacuti Monument
0%
No matching quizzes found
Score Distribution
Percent of People with Each Score
Percentile by Number Answered
Your Score History
You have not taken this quiz